[Event "European Senior Teams Chess Championship"]
[Site "Rogaska Slatina"]
[Date "2012.03.29"]
[Round "3.9"]
[White "Strobel, Ferdinand"]
[Black "Escher, Helmut"]
[Result "1/2-1/2"]
[WhiteElo "2129"]
[BlackElo "2120"]
[PlyCount "22"]
[EventDate "2012.03.27"]
[WhiteTeam "AUT - WIEN 1"]
[BlackTeam "GER - OBERULSEL"]

1. f4 d5 2. Nf3 Nf6 3. g3 g6 4. Bg2 Bg7 5. O-O O-O 6. d3 c6 7. c3 Nbd7 8. Kh1
Qc7 9. Qc2 e5 10. e4 dxe4 11. dxe4 exf4 1/2-1/2

[Event "European Senior Teams Chess Championship"]
[Site "Rogaska Slatina"]
[Date "2012.03.29"]
[Round "3.10"]
[White "Giulian, Philip M"]
[Black "Svensson, Leif 1940"]
[Result "1/2-1/2"]
[WhiteElo "2290"]
[BlackElo "2129"]
[PlyCount "37"]
[EventDate "2012.03.27"]
[WhiteTeam "SCO 1"]
[BlackTeam "SWE 2"]

1. d4 d5 2. c4 e5 3. dxe5 d4 4. Nf3 Nc6 5. Nbd2 Nge7 6. Nb3 Nf5 7. e4 dxe3 8.
Qxd8+ Kxd8 9. fxe3 Bb4+ 10. Kf2 Re8 11. a3 Bf8 12. Bd2 Nxe5 13. Nxe5 Rxe5 14.
Rd1 Bd7 15. Bd3 Nd6 16. Bc3 Ne4+ 17. Bxe4 Rxe4 18. Rd4 Rxd4 19. exd4 1/2-1/2

[Event "European Senior Teams Chess Championship"]
[Site "Rogaska Slatina"]
[Date "2012.03.29"]
[Round "3.10"]
[White "Hallerod, Ralph"]
[Black "Jamieson, Peter M"]
[Result "0-1"]
[WhiteElo "2102"]
[BlackElo "2251"]
[PlyCount "52"]
[EventDate "2012.03.27"]
[WhiteTeam "SWE 2"]
[BlackTeam "SCO 1"]

1. d4 Nf6 2. c4 g6 3. Nc3 Bg7 4. g3 O-O 5. Bg2 d6 6. Nf3 Nc6 7. d5 Na5 8. Qd3
c5 9. Bd2 a6 10. Rb1 b5 11. cxb5 axb5 12. Qxb5 Bf5 13. Rc1 Qc7 14. Nh4 Rfb8 15.
Qa4 Nb3 16. Qxb3 Rxb3 17. axb3 Bd7 18. O-O Rb8 19. Bf3 Rxb3 20. Nd1 h6 21. Ng2
Bf5 22. Rc4 Rxf3 23. exf3 Bd3 24. Nge3 Qb7 25. Re1 Bxc4 26. Nxc4 Qxd5 0-1

[Event "European Senior Teams Chess Championship"]
[Site "Rogaska Slatina"]
[Date "2012.03.29"]
[Round "3.10"]
[White "Bonner, Gerald"]
[Black "Wademark, Helge"]
[Result "0-1"]
[WhiteElo "2197"]
[BlackElo "2096"]
[PlyCount "90"]
[EventDate "2012.03.27"]
[WhiteTeam "SCO 1"]
[BlackTeam "SWE 2"]

1. d4 d5 2. Nf3 Nf6 3. e3 c6 4. Bd3 Bg4 5. Nbd2 Nbd7 6. h3 Bh5 7. c3 e6 8. Qb3
Qb6 9. Ne5 Nxe5 10. dxe5 Nd7 11. Qxb6 axb6 12. f4 Nc5 13. Bc2 Bg6 14. Bxg6 hxg6
15. a3 Be7 16. Nf3 Ne4 17. O-O b5 18. Bd2 Kd7 19. Be1 Ra4 20. Rd1 Rc8 21. Nd4
Kc7 22. g4 Kb6 23. f5 gxf5 24. gxf5 c5 25. Nc2 Rf8 26. fxe6 fxe6 27. Rxf8 Bxf8
28. Bf2 g5 29. Ne1 b4 30. cxb4 cxb4 31. axb4 Rxb4 32. Nd3 Rb3 33. Kf1 Nc5 34.
Ke2 Nxd3 35. Rxd3 Rxb2+ 36. Kf3 Kc6 37. h4 gxh4 38. Bxh4 Rb4 39. Bg5 Rc4 40.
Rd1 b5 41. Rh1 b4 42. Rh8 Bc5 43. Rc8+ Kb5 44. Re8 b3 45. Rxe6 b2 0-1

[Event "European Senior Teams Chess Championship"]
[Site "Rogaska Slatina"]
[Date "2012.03.29"]
[Round "3.10"]
[White "Svensson, Soren"]
[Black "White, Alastair F"]
[Result "1-0"]
[WhiteElo "2062"]
[BlackElo "2097"]
[PlyCount "51"]
[EventDate "2012.03.27"]
[WhiteTeam "SWE 2"]
[BlackTeam "SCO 1"]

1. Nf3 Nf6 2. d4 d5 3. c4 dxc4 4. Nc3 Nd5 5. Qa4+ Nc6 6. Qxc4 Ndb4 7. Qb3 Be6
8. Qa4 Bd7 9. Qd1 Bg4 10. d5 Bxf3 11. exf3 Nd4 12. Bd3 e5 13. O-O Nxd3 14. Qxd3
Bd6 15. Be3 c5 16. dxc6 Nxc6 17. Rfd1 Bb8 18. Qf5 Qe7 19. Qc8+ Nd8 20. Nd5 Qe6
21. Nf6+ Ke7 22. Nd5+ Ke8 23. Nc7+ Bxc7 24. Qxa8 f5 25. Bg5 Kf7 26. Bxd8 1-0

[Event "European Senior Teams Chess Championship"]
[Site "Rogaska Slatina"]
[Date "2012.03.29"]
[Round "3.11"]
[White "Thornton, John D"]
[Black "James, Geoffrey H"]
[Result "1/2-1/2"]
[WhiteElo "2036"]
[BlackElo "2215"]
[PlyCount "45"]
[EventDate "2012.03.27"]
[WhiteTeam "WLS"]
[BlackTeam "ENG 1"]

1. e4 e5 2. Nf3 Nc6 3. Bb5 a6 4. Bxc6 dxc6 5. O-O Qd6 6. Na3 b5 7. c3 c5 8. Qe2
Ne7 9. Rd1 Nc6 10. Nc2 Be7 11. a4 b4 12. d4 cxd4 13. cxd4 exd4 14. Nfxd4 Nxd4
15. Rxd4 Qb6 16. Be3 Qb7 17. Bf4 O-O 18. Rd2 c5 19. f3 Be6 20. Ne3 Rfd8 21. Nd5
Bxd5 22. exd5 Bd6 23. Bxd6 1/2-1/2

[Event "European Senior Teams Chess Championship"]
[Site "Rogaska Slatina"]
[Date "2012.03.29"]
[Round "3.11"]
[White "Gilbert, Colin"]
[Black "Yeo, Michael J"]
[Result "0-1"]
[WhiteElo "1795"]
[BlackElo "2135"]
[PlyCount "88"]
[EventDate "2012.03.27"]
[WhiteTeam "WLS"]
[BlackTeam "ENG 1"]

1. Nf3 Nf6 2. g3 d5 3. d3 g6 4. Bg2 Bg7 5. O-O O-O 6. Nbd2 Nc6 7. c3 e5 8. e4
a5 9. Re1 a4 10. exd5 Nxd5 11. Nc4 Re8 12. a3 Ra6 13. Ne3 Nf6 14. Nc4 Nd7 15.
Bg5 f6 16. Be3 Nf8 17. Qe2 Bf5 18. Rad1 b5 19. d4 exd4 20. Nxd4 Nxd4 21. Rxd4
Qc8 22. Nd2 Bd7 23. Bd5+ Kh8 24. Ne4 f5 25. Nc5 Rd6 26. Qd2 c6 27. Ba2 Rxd4 28.
Bxd4 Rxe1+ 29. Qxe1 Qe8 30. Qd2 Qe7 31. Kf1 Bc8 32. Qf4 g5 33. Bxg7+ Kxg7 34.
Qb8 Qd8 35. Qe5+ Kg6 36. Qe2 Qd6 37. Qe8+ Kg7 38. Qf7+ Kh6 39. h3 Qxc5 40. Qf6+
Ng6 41. h4 gxh4 42. gxh4 f4 43. Be6 Bxe6 44. Qxe6 Qc4+ 0-1

[Event "European Senior Teams Chess Championship"]
[Site "Rogaska Slatina"]
[Date "2012.03.29"]
[Round "3.12"]
[White "Steedman, James"]
[Black "Ager, Josef"]
[Result "0-1"]
[WhiteElo "2129"]
[BlackElo "2195"]
[PlyCount "62"]
[EventDate "2012.03.27"]
[WhiteTeam "NOR 2"]
[BlackTeam "AUT - NIEDEROSTERREICH"]

1. d4 g6 2. c4 Bg7 3. e4 Nc6 4. d5 Nd4 5. Ne2 c5 6. Nxd4 cxd4 7. Bd3 e5 8. O-O
Ne7 9. f4 exf4 10. Bxf4 O-O 11. Nd2 d6 12. Nf3 Bg4 13. h3 Bxf3 14. Qxf3 Qd7 15.
Qg3 Rad8 16. e5 Nc8 17. Rae1 Rfe8 18. b3 Re7 19. exd6 Rxe1 20. Rxe1 Nxd6 21.
Bxd6 Qxd6 22. Re8+ Bf8 23. Qxd6 Rxd6 24. Be4 f5 25. c5 Kf7 26. Rc8 fxe4 27.
Rc7+ Kf6 28. cxd6 Bxd6 29. Rxb7 d3 30. Kf2 Bg3+ 31. Kf1 e3 0-1

[Event "European Senior Teams Chess Championship"]
[Site "Rogaska Slatina"]
[Date "2012.03.29"]
[Round "3.12"]
[White "Woeber, Friedrich"]
[Black "Hauge, Tor Arne"]
[Result "1-0"]
[WhiteElo "2175"]
[BlackElo "2124"]
[PlyCount "83"]
[EventDate "2012.03.27"]
[WhiteTeam "AUT - NIEDEROSTERREICH"]
[BlackTeam "NOR 2"]

1. e4 c6 2. d4 d5 3. Nc3 dxe4 4. Bc4 Nf6 5. f3 e5 6. dxe5 Qxd1+ 7. Nxd1 exf3 8.
Nxf3 Nd5 9. Nf2 Bb4+ 10. c3 Ba5 11. Ne4 O-O 12. Nd6 a6 13. Bg5 f6 14. exf6 gxf6
15. Bh6 Rd8 16. Nxc8 Re8+ 17. Kf2 Rxc8 18. Rad1 Bb6+ 19. Kg3 Rd8 20. Kg4 Kf7
21. Kf5 Bc5 22. Rhe1 b5 23. Bb3 Ra7 24. g4 Re7 25. g5 Rxe1 26. Rxe1 Be7 27. Re6
Ke8 28. gxf6 Nxf6 29. Rxf6 Bxf6 30. Kxf6 Rd6+ 31. Kg7 Rd7+ 32. Kg8 c5 33. Ne5
Rd6 34. Bf7+ Kd8 35. Bg5+ Kc8 36. Kxh7 Nd7 37. Nxd7 Kxd7 38. h4 Rd1 39. h5 Rg1
40. Kg6 Rg2 41. h6 Rxb2 42. h7 1-0

[Event "European Senior Teams Chess Championship"]
[Site "Rogaska Slatina"]
[Date "2012.03.29"]
[Round "3.12"]
[White "Taksrud, Vidar"]
[Black "Winiwarter, Felix"]
[Result "0-1"]
[WhiteElo "2075"]
[BlackElo "2162"]
[PlyCount "66"]
[EventDate "2012.03.27"]
[WhiteTeam "NOR 2"]
[BlackTeam "AUT - NIEDEROSTERREICH"]

1. Nf3 Nf6 2. c4 g6 3. Nc3 Bg7 4. g3 O-O 5. Bg2 d6 6. d4 Nc6 7. O-O a6 8. h3
Rb8 9. Bg5 Bd7 10. Kh2 b5 11. d5 Na5 12. cxb5 axb5 13. b4 Nc4 14. Rc1 h6 15.
Bxf6 Bxf6 16. Nd4 Qc8 17. Ne4 Bg7 18. Nc6 Bxc6 19. dxc6 Qa6 20. Qb3 Ra8 21. Nc3
Nd2 22. Qd5 Nxf1+ 23. Bxf1 Qa3 24. Qd2 Qxb4 25. Qd3 Qc5 26. Qxb5 Qxf2+ 27. Bg2
Qe3 28. Nd5 Qxc1 29. Nxe7+ Kh7 30. Qb7 Rxa2 31. Qxc7 Rxe2 32. Qxd6 Ra8 33. Nd5
Ra1 0-1

[Event "European Senior Teams Chess Championship"]
[Site "Rogaska Slatina"]
[Date "2012.03.29"]
[Round "3.12"]
[White "Bukacek, Emil"]
[Black "Sollid, Stein"]
[Result "1-0"]
[WhiteElo "2155"]
[BlackElo "2018"]
[PlyCount "75"]
[EventDate "2012.03.27"]
[WhiteTeam "AUT - NIEDEROSTERREICH"]
[BlackTeam "NOR 2"]

1. e4 e5 2. Nf3 Nc6 3. d4 exd4 4. Nxd4 Bc5 5. Nb3 Bb6 6. a4 Qf6 7. Qe2 a5 8.
Nc3 Nb4 9. g3 Ne7 10. Bg2 O-O 11. O-O d6 12. Nd1 Be6 13. Ra3 Nec6 14. c3 Na6
15. Be3 Bxe3 16. Nxe3 Rfe8 17. Nd2 Nc5 18. f4 Qd8 19. f5 Bd7 20. Rf4 Ne5 21.
Rh4 g6 22. Ra1 Bc6 23. Rf1 Nxa4 24. f6 Re6 25. Qf2 Nxb2 26. Nd5 Nbd3 27. Qe3 h5
28. Qg5 Kf8 29. Bh3 Ke8 30. Bxe6 fxe6 31. f7+ Nxf7 32. Qxg6 Nde5 33. Qxe6+ Kf8
34. Rxh5 Bxd5 35. exd5 Kg7 36. Qf5 Qe8 37. Qf6+ Kf8 38. Rh8# 1-0

[Event "European Senior Teams Chess Championship"]
[Site "Rogaska Slatina"]
[Date "2012.03.29"]
[Round "3.13"]
[White "Watzka, Horst"]
[Black "Danner, Lambert"]
[Result "1/2-1/2"]
[WhiteElo "2253"]
[BlackElo "2090"]
[PlyCount "50"]
[EventDate "2012.03.27"]
[WhiteTeam "AUT - STEIERMARK"]
[BlackTeam "AUT - WIEN 2"]

1. e4 Nf6 2. e5 Nd5 3. d4 d6 4. c4 Nb6 5. exd6 cxd6 6. Nc3 Bf5 7. Be3 e6 8. Rc1
Be7 9. Be2 O-O 10. Nf3 a5 11. O-O d5 12. c5 N6d7 13. Na4 Nc6 14. Qb3 Qc7 15. a3
Rfd8 16. Rfd1 h6 17. Qc3 g5 18. Qd2 f6 19. Nc3 Bg6 20. Ne1 a4 21. Bd3 Bxd3 22.
Qxd3 Kg7 23. Qc2 Qa5 24. Ne2 f5 25. f4 g4 1/2-1/2

[Event "European Senior Teams Chess Championship"]
[Site "Rogaska Slatina"]
[Date "2012.03.29"]
[Round "3.13"]
[White "Kratschmer, Heinz"]
[Black "Teichmeister, Sven"]
[Result "1/2-1/2"]
[WhiteElo "2164"]
[BlackElo "2039"]
[PlyCount "47"]
[EventDate "2012.03.27"]
[WhiteTeam "AUT - STEIERMARK"]
[BlackTeam "AUT - WIEN 2"]

1. d4 Nf6 2. Nf3 e6 3. e3 c5 4. Bd3 d5 5. c3 Be7 6. Nbd2 O-O 7. O-O b6 8. Qe2
Bb7 9. Ne5 Nbd7 10. Ndf3 Ne4 11. Nxd7 Qxd7 12. Ne5 Qc7 13. f3 f6 14. Ng4 Nd6
15. Bd2 Nf7 16. e4 e5 17. exd5 exd4 18. c4 Rae8 19. Rae1 Qd7 20. Qf2 f5 21. Ne5
Nxe5 22. Rxe5 Bd6 23. Rxe8 Rxe8 24. Re1 1/2-1/2

[Event "European Senior Teams Chess Championship"]
[Site "Rogaska Slatina"]
[Date "2012.03.29"]
[Round "3.13"]
[White "Titz, Herbert"]
[Black "Pitzl, Konstantinos"]
[Result "1/2-1/2"]
[WhiteElo "2024"]
[BlackElo "2093"]
[PlyCount "36"]
[EventDate "2012.03.27"]
[WhiteTeam "AUT - WIEN 2"]
[BlackTeam "AUT - STEIERMARK"]

1. e4 d6 2. d4 Nf6 3. Nc3 g6 4. Nf3 Bg7 5. Be2 c6 6. O-O O-O 7. Be3 Qc7 8. Qd2
Nbd7 9. a4 a5 10. h3 e5 11. dxe5 dxe5 12. Rfd1 Re8 13. Bh6 Nc5 14. Bxg7 Kxg7
15. Qe3 Ne6 16. Bf1 Nf4 17. Rd2 b6 18. Rad1 Bd7 1/2-1/2

[Event "European Senior Teams Chess Championship"]
[Site "Rogaska Slatina"]
[Date "2012.03.29"]
[Round "3.14"]
[White "Jongsma, Alexander"]
[Black "Van Geffen, Ben"]
[Result "1/2-1/2"]
[WhiteElo "2193"]
[BlackElo "2113"]
[PlyCount "162"]
[EventDate "2012.03.27"]
[WhiteTeam "NED - VAS"]
[BlackTeam "NED - ORANJE"]

1. e4 e5 2. Nf3 Nc6 3. Bb5 Nge7 4. c3 g6 5. d4 exd4 6. cxd4 Bg7 7. O-O O-O 8.
d5 Ne5 9. Nxe5 Bxe5 10. Nd2 c6 11. Nf3 Bg7 12. Ba4 cxd5 13. exd5 d6 14. Re1 Nf5
15. Bg5 Bf6 16. Bxf6 Qxf6 17. Qd2 a6 18. Ng5 b5 19. Bb3 Bb7 20. Ne4 Qg7 21. Qf4
h5 22. h3 h4 23. Re2 Rfd8 24. Rc1 Rac8 25. Rxc8 Bxc8 26. Qg5 Rf8 27. Nf6+ Kh8
28. Re4 Qh6 29. Qxh6+ Nxh6 30. Rxh4 Kg7 31. Ne4 Nf5 32. Rf4 Rd8 33. Ng3 Nxg3
34. fxg3 Re8 35. Kf2 Bb7 36. g4 Re5 37. Rd4 g5 38. g3 a5 39. a3 Kf6 40. h4 Kg6
41. Bc2+ Kh6 42. Be4 Bc8 43. Kf3 Bb7 44. Rd2 Bc8 45. Rh2 gxh4 46. Rxh4+ Kg5 47.
Rh5+ Kf6 48. Bd3 b4 49. axb4 axb4 50. Kf4 Re1 51. g5+ Ke7 52. Rh8 Bd7 53. Rb8
Rd1 54. Be4 Rd4 55. Ke3 Rc4 56. Kd3 Rc1 57. Rb7 Kd8 58. Rxb4 Rg1 59. Rb8+ Kc7
60. Rf8 Rxg3+ 61. Kd4 Rxg5 62. Rxf7 Kd8 63. b4 Rg4 64. Kd3 Bb5+ 65. Ke3 Rg3+
66. Bf3 Bd7 67. Rf4 Kc7 68. Kf2 Rg5 69. Rf7 Kd8 70. Ke3 Rg1 71. Rf6 Kc7 72. Rf7
Kd8 73. Be2 Rb1 74. Rf4 Kc7 75. Bg4 Rb3+ 76. Kd2 Bb5 77. Rd4 Rg3 78. Bd1 Bd7
79. Rc4+ Kb6 80. Rc3 Rg2+ 81. Kc1 Rg1 1/2-1/2

[Event "European Senior Teams Chess Championship"]
[Site "Rogaska Slatina"]
[Date "2012.03.29"]
[Round "3.14"]
[White "Mostertman, Loek"]
[Black "Ghijsen, Pim"]
[Result "0-1"]
[WhiteElo "2058"]
[BlackElo "2191"]
[PlyCount "80"]
[EventDate "2012.03.27"]
[WhiteTeam "NED - ORANJE"]
[BlackTeam "NED - VAS"]

1. e4 c5 2. d4 cxd4 3. Nf3 g6 4. c3 Bg7 5. cxd4 d5 6. exd5 Nf6 7. Bb5+ Bd7 8.
Bc4 O-O 9. O-O Bf5 10. Nc3 Nbd7 11. d6 exd6 12. Re1 Nb6 13. Bf1 Re8 14. Rxe8+
Qxe8 15. Nb5 Qd7 16. Bf4 Nbd5 17. Bg3 Ne4 18. Qb3 Nxg3 19. hxg3 Ne7 20. Re1 Be6
21. Qa3 Nc6 22. d5 Bxd5 23. Rd1 Bxf3 24. Qxf3 a6 25. Nc3 Bxc3 26. Qxc3 d5 27.
Bc4 d4 28. Qd2 Rd8 29. a3 Kg7 30. f3 Qd6 31. Qf4 Ne5 32. Ba2 f6 33. g4 g5 34.
Qe4 Rd7 35. g3 d3 36. Rd2 Qc5+ 37. Kg2 Qc1 38. Qe3 Qc6 39. Kf2 Re7 40. Rxd3
Nxd3+ 0-1

[Event "European Senior Teams Chess Championship"]
[Site "Rogaska Slatina"]
[Date "2012.03.29"]
[Round "3.14"]
[White "Van Oosten, Arend"]
[Black "Arp, Frans"]
[Result "1-0"]
[WhiteElo "2186"]
[BlackElo "2070"]
[PlyCount "109"]
[EventDate "2012.03.27"]
[WhiteTeam "NED - VAS"]
[BlackTeam "NED - ORANJE"]

1. e4 e5 2. Bc4 Nf6 3. d3 Bc5 4. Nf3 Nc6 5. c3 O-O 6. O-O d6 7. Bb3 Bg4 8. h3
Bh5 9. Nbd2 a5 10. Re1 h6 11. Nf1 g5 12. Ng3 Bg6 13. Nf5 Bxf5 14. exf5 Kg7 15.
g4 b5 16. Bc2 Qd7 17. a3 Rfe8 18. Qd2 Nh7 19. d4 exd4 20. Rxe8 Rxe8 21. cxd4
Bb6 22. Qd3 Nf6 23. Be3 d5 24. Qxb5 Qd6 25. Ba4 Na7 26. Qd3 Re4 27. Nd2 Re7 28.
Bd1 c5 29. dxc5 Bxc5 30. Bxc5 Re1+ 31. Nf1 Qxc5 32. Qd2 Re4 33. Rc1 Rc4 34.
Rxc4 dxc4 35. Bf3 a4 36. Ne3 Nc6 37. Bxc6 Qxc6 38. Qc3 Qf3 39. Qxc4 Ne4 40.
Qd4+ Kg8 41. Ng2 h5 42. gxh5 Qxf5 43. h6 Nf6 44. Qxa4 Qb1+ 45. Kh2 Qxb2 46. Qa5
Qb8+ 47. f4 Nh7 48. Qe5 Qxe5 49. fxe5 f6 50. a4 fxe5 51. a5 Nf6 52. a6 Nd7 53.
a7 Nb6 54. Ne3 Kh7 55. Ng4 1-0

[Event "European Senior Teams Chess Championship"]
[Site "Rogaska Slatina"]
[Date "2012.03.29"]
[Round "3.14"]
[White "Montsma, Foppe-Jan"]
[Black "Van Dongen, Rob"]
[Result "0-1"]
[WhiteElo "1949"]
[BlackElo "1968"]
[PlyCount "34"]
[EventDate "2012.03.27"]
[WhiteTeam "NED - ORANJE"]
[BlackTeam "NED - VAS"]

1. f4 Nf6 2. Nf3 g6 3. g3 Bg7 4. Bg2 O-O 5. O-O c5 6. d3 Nc6 7. e4 d6 8. c3 Qc7
9. Na3 Rb8 10. Nc2 b6 11. Bd2 Ba6 12. c4 b5 13. cxb5 Bxb5 14. Bc3 c4 15. dxc4
Bxc4 16. Re1 Qb6+ 17. Ncd4 e5 0-1

[Event "European Senior Teams Chess Championship"]
[Site "Rogaska Slatina"]
[Date "2012.03.29"]
[Round "3.15"]
[White "Jorgensen, Jorgen"]
[Black "Ashby, Anthony C"]
[Result "0-1"]
[WhiteElo "2209"]
[BlackElo "2129"]
[PlyCount "45"]
[EventDate "2012.03.27"]
[WhiteTeam "DEN 2"]
[BlackTeam "ENG 2"]

1. Nf3 f5 2. d3 Nf6 3. e4 d6 4. Nc3 e5 5. exf5 Bxf5 6. d4 e4 7. Nh4 Bg4 8. Be2
Be6 9. d5 Bf7 10. Qd4 Qd7 11. Bg5 Be7 12. Bxf6 Bxf6 13. Qxe4+ Kd8 14. O-O c6
15. Bg4 Qc7 16. Nf5 h5 17. dxc6 Qxc6 18. Nxd6 Qxe4 19. Ncxe4 Bg6 20. Nxf6 hxg4
21. Nxg4 Kc7 22. Nb5+ Kb6 23. Nd4 0-1

[Event "European Senior Teams Chess Championship"]
[Site "Rogaska Slatina"]
[Date "2012.03.29"]
[Round "3.15"]
[White "Habershon, Paul F"]
[Black "Olesen, Poul Erik Norgaard"]
[Result "1-0"]
[WhiteElo "2122"]
[BlackElo "2052"]
[PlyCount "95"]
[EventDate "2012.03.27"]
[WhiteTeam "ENG 2"]
[BlackTeam "DEN 2"]

1. e4 e5 2. Nf3 d6 3. d4 exd4 4. Nxd4 g6 5. c4 Bg7 6. Nc3 Nc6 7. Be3 Nge7 8.
Be2 O-O 9. O-O Nxd4 10. Bxd4 Bxd4 11. Qxd4 Nc6 12. Qd2 Be6 13. Rad1 Qd7 14. c5
Rfd8 15. cxd6 Qxd6 16. Qxd6 Rxd6 17. Rxd6 cxd6 18. Rd1 Rd8 19. f4 Kf8 20. Kf2
Ke7 21. g4 f6 22. h4 a6 23. a3 Bb3 24. Rd2 Na5 25. Nd5+ Bxd5 26. Rxd5 Nb3 27.
Bc4 Nc5 28. e5 Ne6 29. exf6+ Kxf6 30. g5+ Ke7 31. f5 gxf5 32. Rxf5 Rc8 33. Bb3
Rc5 34. Rf6 d5 35. Rh6 Nf8 36. Rb6 d4 37. Rxb7+ Kd6 38. Rb6+ Ke5 39. Rb8 Nd7
40. Rb7 Kd6 41. Bg8 Rf5+ 42. Ke1 Nc5 43. Rxh7 Nd3+ 44. Kd2 Nxb2 45. Rh6+ Ke5
46. Re6+ Kf4 47. Rf6 a5 48. Be6 1-0

[Event "European Senior Teams Chess Championship"]
[Site "Rogaska Slatina"]
[Date "2012.03.29"]
[Round "3.15"]
[White "Jorgensen, Arne Bjorn"]
[Black "Quinn, John M"]
[Result "0-1"]
[WhiteElo "1991"]
[BlackElo "2121"]
[PlyCount "124"]
[EventDate "2012.03.27"]
[WhiteTeam "DEN 2"]
[BlackTeam "ENG 2"]

1. d4 Nf6 2. Nf3 g6 3. c4 Bg7 4. Nc3 O-O 5. g3 d6 6. Bg2 Nc6 7. O-O a6 8. h3
Bd7 9. e4 e5 10. Re1 exd4 11. Nxd4 Nxd4 12. Qxd4 Qc8 13. h4 Ng4 14. Qd1 Ne5 15.
Nd5 Qd8 16. Qc2 c6 17. Ne3 Qc7 18. Bd2 b5 19. Rab1 Be6 20. b3 Qb6 21. Kh1 c5
22. Nd5 Bxd5 23. exd5 Rae8 24. Re2 Qb8 25. Rbe1 Ng4 26. Bf3 Ne5 27. Bg2 f5 28.
Kg1 Ng4 29. Bc3 Rxe2 30. Rxe2 Re8 31. Bxg7 Rxe2 32. Qxe2 Kxg7 33. Qe7+ Kg8 34.
Qe6+ Kf8 35. f3 Ne5 36. Qf6+ Nf7 37. Bf1 bxc4 38. Bxc4 Qb4 39. Qe6 a5 40. h5
Kg7 41. hxg6 hxg6 42. g4 fxg4 43. fxg4 Qc3 44. a4 Qg3+ 45. Kf1 Qf4+ 46. Kg2 Ng5
47. Qe2 Ne4 48. Bd3 Nf6 49. Qe7+ Kh6 50. Be2 Nxd5 51. Qh4+ Kg7 52. Bf3 g5 53.
Qf2 Ne3+ 54. Kh3 Nxg4 55. Qe2 Ne5 56. Bd5 g4+ 57. Kg2 Kf6 58. Bb7 Nf3 59. Qb2+
Qd4 60. Qc1 Qd2+ 61. Qxd2 Nxd2 62. Bd5 Ke5 0-1

[Event "European Senior Teams Chess Championshi"]
[Site "Rogaska Slatina"]
[Date "2012.03.29"]
[Round "3.15"]
[White "Reuben, Stewart"]
[Black "Preuss, Flemming"]
[Result "0-1"]
[WhiteElo "2115"]
[BlackElo "1993"]
[PlyCount "60"]
[EventDate "2012.03.27"]
[WhiteTeam "ENG 2"]
[BlackTeam "DEN 2"]

1. d4 Nf6 2. c4 e6 3. Nc3 Bb4 4. Bg5 d5 5. e3 O-O 6. Nf3 c5 7. a3 Bxc3+ 8. bxc3
Nbd7 9. Bd3 Qa5 10. Qc2 b6 11. cxd5 exd5 12. O-O Ba6 13. Bxa6 Qxa6 14. Qf5 c4
15. Ne5 Qb7 16. f4 Nxe5 17. Bxf6 Ng6 18. Be5 Qc6 19. Qh5 f6 20. f5 Nxe5 21.
dxe5 fxe5 22. Rf3 Rf6 23. Rg3 Rh6 24. Qg4 Qf6 25. Rd1 Rd8 26. Rxd5 Rxd5 27.
Qxc4 Qf7 28. Qc8+ Qf8 29. Qc4 Qc5 30. Qg4 Qc7 0-1

[Event "European Senior Teams Chess Championship"]
[Site "Rogaska Slatina"]
[Date "2012.03.29"]
[Round "3.16"]
[White "Mundal, Arnold"]
[Black "Huebner, Wolfgang"]
[Result "1/2-1/2"]
[WhiteElo "2013"]
[BlackElo "2188"]
[PlyCount "102"]
[EventDate "2012.03.27"]
[WhiteTeam "NOR 5"]
[BlackTeam "GER - MATTADORE"]

1. d4 d5 2. c4 e6 3. Nf3 Nf6 4. Bg5 Be7 5. e3 O-O 6. Nc3 h6 7. Bf4 c5 8. dxc5
Bxc5 9. Be2 Nc6 10. O-O dxc4 11. Bxc4 a6 12. a3 b5 13. Bb3 Bb7 14. Rc1 Qe7 15.
Qe2 e5 16. Bg3 e4 17. Nd2 Ne5 18. Bc2 Ned7 19. Rfd1 Rfd8 20. Nb3 Rac8 21. Nxc5
Nxc5 22. b4 Rxd1+ 23. Qxd1 Rd8 24. Qe2 Nd3 25. Rd1 Nb2 26. Rxd8+ Qxd8 27. Be5
Nc4 28. Bd4 Nxa3 29. Bb3 Qd6 30. Qa2 Nc4 31. Bxc4 bxc4 32. Qxc4 Nd5 33. Bc5 Qe5
34. Bd4 Qd6 35. Nxe4 Qxb4 36. Qxb4 Nxb4 37. Nd6 Ba8 38. Bb6 f6 39. e4 Nc6 40.
Nc4 Kf7 41. f4 a5 42. Kf2 a4 43. Ke3 g6 44. Bc5 Ne7 45. g4 Bc6 46. Kd4 Bd7 47.
Nd6+ Kg7 48. Ne8+ Bxe8 49. Bxe7 Kf7 50. Ba3 Bc6 51. h4 Bd7 1/2-1/2

[Event "European Senior Teams Chess Championship"]
[Site "Rogaska Slatina"]
[Date "2012.03.29"]
[Round "3.16"]
[White "Krebs, Dietmar"]
[Black "Fossum, Widar"]
[Result "1/2-1/2"]
[WhiteElo "2114"]
[BlackElo "2040"]
[PlyCount "66"]
[EventDate "2012.03.27"]
[WhiteTeam "GER - MATTADORE"]
[BlackTeam "NOR 5"]

1. e4 e6 2. d4 b6 3. Nc3 Bb7 4. Nf3 Nf6 5. Bd3 Be7 6. O-O Na6 7. e5 Nd5 8. Nxd5
exd5 9. c3 c5 10. a3 O-O 11. Ne1 f5 12. f4 Qe8 13. Nf3 Qh5 14. b4 Nc7 15. Be3
cxd4 16. Nxd4 Qxd1 17. Rfxd1 g6 18. a4 Rfc8 19. Rdc1 Ne6 20. Bb5 Nf8 21. a5 a6
22. Be2 b5 23. g4 fxg4 24. Bxg4 Rc7 25. Nb3 Ne6 26. Bxe6+ dxe6 27. Bc5 Rf8 28.
Rf1 Bc8 29. Rf2 Kg7 30. Raf1 Rf5 31. Nd4 Rf8 32. Nb3 Rf5 33. Nd4 Rf8 1/2-1/2

[Event "European Senior Teams Chess Championship"]
[Site "Rogaska Slatina"]
[Date "2012.03.29"]
[Round "3.16"]
[White "Bergersen, Per A"]
[Black "Kurka, Dieter"]
[Result "0-1"]
[WhiteElo "1991"]
[BlackElo "2093"]
[PlyCount "40"]
[EventDate "2012.03.27"]
[WhiteTeam "NOR 5"]
[BlackTeam "GER - MATTADORE"]

1. Nf3 Nf6 2. c4 d5 3. g3 c6 4. Bg2 dxc4 5. Qc2 b5 6. O-O Bb7 7. a4 e6 8. b3
cxb3 9. Qxb3 b4 10. a5 Be7 11. d4 O-O 12. Bg5 Na6 13. Ra2 c5 14. dxc5 Bd5 15.
Qd3 Nxc5 16. Qd2 Nce4 17. Qb2 Bxa2 18. Qxa2 Nxg5 19. Nxg5 Rb8 20. a6 Nd5 0-1

[Event "European Senior Teams Chess Championship"]
[Site "Rogaska Slatina"]
[Date "2012.03.29"]
[Round "3.16"]
[White "Neumann, Horst"]
[Black "Lerstad, Bjorn"]
[Result "1/2-1/2"]
[WhiteElo "1937"]
[BlackElo "1902"]
[PlyCount "27"]
[EventDate "2012.03.27"]
[WhiteTeam "GER - MATTADORE"]
[BlackTeam "NOR 5"]

1. d4 e6 2. Nf3 b6 3. e4 Bb7 4. Bd3 d6 5. O-O Nf6 6. Qe2 Be7 7. c4 O-O 8. Nc3
Nbd7 9. Re1 e5 10. Nd5 Nxd5 11. exd5 Bf6 12. dxe5 Nxe5 13. Nxe5 Bxe5 14. Qe4
1/2-1/2

[Event "European Senior Teams Chess Championship"]
[Site "Rogaska Slatina"]
[Date "2012.03.29"]
[Round "3.17"]
[White "Liebert, Heinz"]
[Black "Scholes, James E"]
[Result "1/2-1/2"]
[WhiteElo "2251"]
[BlackElo "2100"]
[PlyCount "36"]
[EventDate "2012.03.27"]
[WhiteTeam "GER - CACHSEN-ANGALT"]
[BlackTeam "ENG 3"]

1. c4 c5 2. Nf3 d6 3. d4 cxd4 4. Nxd4 g6 5. Nc3 Bg7 6. e4 Nf6 7. Be2 Nc6 8. Be3
O-O 9. O-O a6 10. Qd2 Bd7 11. f3 Rc8 12. Rfd1 Re8 13. Rac1 h5 14. Nb3 Ne5 15.
Nd5 Nxd5 16. cxd5 Bb5 17. Bd4 Qd7 18. f4 Bxe2 1/2-1/2